[Event "Arco op 45th"]
[Site "Arco"]
[Date "2023.10.15"]
[Round "9"]
[White "Decker, Christian"]
[Black "Bordignon, Angelo"]
[Result "1-0"]
[WhiteElo "1745"]
[BlackElo "2061"]
[PlyCount "31"]
[EventDate "2023.10.07"]
[EventType "swiss"]
[EventRounds "9"]
[EventCountry "ITA"]
[SourceTitle "Mega2024 Update 01"]
[Source "Chessbase"]
[SourceDate "2023.11.12"]
[SourceVersion "1"]
[SourceVersionDate "2023.11.12"]
[SourceQuality "1"]

1. e4 c5 2. c3 Qc7 3. Nf3 d6 4. d4 g6 5. Bc4 Bg7 6. Qb3 e6 7. 0-0 h6 8. Bf4 g5 9. Bg3 g4 10. Nh4 cxd4 11. Rd1 Nc6 12. Bb5 Bd7 13. Na3 Nge7 14. Nc4 e5 15. cxd4 Nxd4 16. Rxd4 1-0

[Event "Arco op 45th"]
[Site "Arco"]
[Date "2023.10.14"]
[Round "8"]
[White "Bordignon, Angelo"]
[Black "Davini, Andrea"]
[Result "0-1"]
[WhiteElo "2061"]
[BlackElo "1876"]
[PlyCount "68"]
[EventDate "2023.10.07"]
[EventType "swiss"]
[EventRounds "9"]
[EventCountry "ITA"]
[SourceTitle "Mega2024 Update 01"]
[Source "Chessbase"]
[SourceDate "2023.11.12"]
[SourceVersion "1"]
[SourceVersionDate "2023.11.12"]
[SourceQuality "1"]

1. d4 d5 2. c4 e6 3. Nc3 Nf6 4. cxd5 exd5 5. Bg5 c6 6. e3 Be7 7. Bd3 0-0 8. Nge2 Nbd7 9. 0-0 Re8 10. Qc2 Nf8 11. Rae1 Be6 12. f3 Rc8 13. Qb1 a5 14. a4 g6 15. Kh1 Nh5 16. Bxe7 Qxe7 17. g4 Nf6 18. Rg1 Rb8 19. Nf4 Bc8 20. g5 N6d7 21. Nfxd5 cxd5 22. Nxd5 Qd8 23. Bb5 Re6 24. Rg3 Rd6 25. Nc3 Nb6 26. Qc1 Bd7 27. Ne4 Bxb5 28. axb5 Re6 29. Nc5 Re7 30. Qd2 Nc4 31. Qc3 Nd6 32. Qb3 b6 33. Na4 Nf5 34. Rgg1 Qe8 0-1

[Event "Arco op 43rd"]
[Site "Arco"]
[Date "2021.10.15"]
[Round "7"]
[White "Sarkar, Justin"]
[Black "Bordignon, Angelo"]
[Result "1/2-1/2"]
[WhiteElo "2324"]
[BlackElo "2050"]
[PlyCount "45"]
[EventDate "2021.10.09"]
[EventType "swiss"]
[EventRounds "9"]
[EventCountry "ITA"]
[SourceTitle "CBM 204 Extra"]
[Source "ChessBase"]
[SourceDate "2021.11.30"]
[SourceVersion "1"]
[SourceVersionDate "2021.11.30"]
[SourceQuality "1"]

1. d4 Nf6 2. c4 c5 3. d5 g6 4. Nc3 Bg7 5. e4 d6 6. f4 0-0 7. Be2 e6 8. Nf3 exd5 9. exd5 Na6 10. 0-0 Bf5 11. Bd3 Bxd3 12. Qxd3 Re8 13. h3 Qe7 14. a3 Nc7 15. Bd2 Qd7 16. g4 Rab8 17. Rae1 h5 18. g5 Qxh3 19. gxf6 Qg3+ 20. Kh1 Qh3+ 21. Kg1 Qg3+ 22. Kh1 Qh3+ 23. Kg1 1/2-1/2

[Event "Verona Primavera op-A 1st"]
[Site "Verona"]
[Date "2021.05.08"]
[Round "3"]
[White "Camponovo, David"]
[Black "Bordignon, Angelo"]
[Result "1-0"]
[WhiteElo "1911"]
[BlackElo "2064"]
[PlyCount "75"]
[EventDate "2021.05.07"]
[EventType "swiss"]
[EventRounds "5"]
[EventCountry "ITA"]
[SourceTitle "EXT 2022"]
[Source "ChessBase"]
[SourceDate "2021.10.06"]
[SourceVersion "1"]
[SourceVersionDate "2021.10.06"]
[SourceQuality "1"]

1. c4 e5 2. g3 Nc6 3. Bg2 Bc5 4. Nc3 a6 5. e3 d6 6. Nge2 Ba7 7. 0-0 h5 8. h4 g5 9. hxg5 h4 10. Nd5 Nce7 11. f4 c6 12. Qa4 Bd7 13. Nf6+ Nxf6 14. gxf6 Ng8 15. fxe5 dxe5 16. Qb4 Qc7 17. b3 0-0-0 18. Nc3 Nh6 19. Ne4 hxg3 20. Bb2 Bf5 21. Nxg3 Bd3 22. Bh3+ Kb8 23. Qe7 Rde8 24. Qxc7+ Kxc7 25. Rf3 Rhg8 26. Kf2 e4 27. Rf4 Bc5 28. Rg1 Rg6 29. Nf5 Rxg1 30. Kxg1 Nxf5 31. Bxf5 Bd6 32. Rg4 Be5 33. Bxe5+ Rxe5 34. Bh7 Be2 35. Rxe4 Rg5+ 36. Kf2 Bh5 37. Re7+ Kb6 38. d4 1-0

[Event "Bassano del Grappa Spring op 1st"]
[Site "Bassano del Grappa"]
[Date "2021.03.14"]
[Round "4"]
[White "Bordignon, Angelo"]
[Black "Solomon, Kenny"]
[Result "0-1"]
[WhiteElo "2061"]
[BlackElo "2357"]
[PlyCount "78"]
[EventDate "2021.03.12"]
[EventType "swiss"]
[EventRounds "5"]
[EventCountry "ITA"]
[SourceTitle "CBM 201 Extra"]
[Source "ChessBase"]
[SourceDate "2021.05.31"]
[SourceVersion "1"]
[SourceVersionDate "2021.05.31"]
[SourceQuality "1"]

1. d4 Nf6 2. c4 e6 3. Nc3 Bb4 4. f3 c5 5. a3 Bxc3+ 6. bxc3 Nc6 7. e4 d6 8. Be3 b6 9. Bd3 e5 10. Ne2 0-0 11. d5 Na5 12. Ng3 Ne8 13. 0-0 Qh4 14. f4 Nf6 15. Kh1 Ng4 16. Bg1 exf4 17. Rxf4 Qg5 18. Qf1 g6 19. Be2 Ne5 20. Be3 Qe7 21. Rf6 Nd7 22. Bg5 Qe5 23. Bh4 Kg7 24. Rf2 f6 25. Bg4 Qe7 26. Ne2 Nxc4 27. Be6 Nd2 28. Qd1 Nxe4 29. Rf1 Ba6 30. Bxd7 Qxd7 31. Nf4 Bxf1 32. Ne6+ Kg8 33. Qxf1 Rf7 34. Qd3 f5 35. g4 c4 36. Qxc4 Nc5 37. Re1 Re8 38. Kg2 Qa4 39. Nxc5 Qc2+ 0-1

[Event "Bassano del Grappa Spring op 1st"]
[Site "Bassano del Grappa"]
[Date "2021.03.13"]
[Round "2"]
[White "Bordignon, Angelo"]
[Black "Checa, Nicolas D"]
[Result "0-1"]
[WhiteElo "2061"]
[BlackElo "2546"]
[PlyCount "88"]
[EventDate "2021.03.12"]
[EventType "swiss"]
[EventRounds "5"]
[EventCountry "ITA"]
[SourceTitle "CBM 201 Extra"]
[Source "ChessBase"]
[SourceDate "2021.05.31"]
[SourceVersion "1"]
[SourceVersionDate "2021.05.31"]
[SourceQuality "1"]

1. d4 d5 2. c4 c6 3. Nc3 Nf6 4. cxd5 cxd5 5. Bf4 Qb6 6. e3 Qxb2 7. Bb5+ Nc6 8. Nge2 e6 9. 0-0 Qa3 10. Rb1 Nh5 11. Bc7 Qe7 12. Ba5 Bd7 13. Bxc6 Bxc6 14. e4 Nf6 15. exd5 Nxd5 16. Nxd5 Bxd5 17. Nc3 Bxg2 18. Kxg2 Qg5+ 19. Kh1 Qxa5 20. Rxb7 Bb4 21. Rb5 Qa6 22. Rxb4 Qc6+ 23. Kg1 Qxc3 24. Qa4+ Kf8 25. Rc4 Qf3 26. Qb4+ Kg8 27. Rfc1 h5 28. Qb1 g6 29. R1c3 Qd5 30. Qc1 Kg7 31. Rc7 Qxd4 32. R3c4 Qe5 33. Rf4 Rhf8 34. Rc5 Qd6 35. Qc3+ Kg8 36. Rd4 Qe7 37. Rc7 Qf6 38. Qd2 Rad8 39. Rcd7 Rxd7 40. Rxd7 a6 41. Rd6 Rb8 42. Qd4 Qxd4 43. Rxd4 Rb5 44. Kg2 Kg7 0-1

[Event "Forni di Sopra op 11th"]
[Site "Forni di Sopra"]
[Date "2020.09.30"]
[Round "6"]
[White "Bordignon, Angelo"]
[Black "Cumming, Rhys"]
[Result "0-1"]
[WhiteElo "2024"]
[BlackElo "2299"]
[PlyCount "54"]
[EventDate "2020.09.26"]
[EventType "swiss"]
[EventRounds "9"]
[EventCountry "ITA"]
[SourceTitle "CBM 198 Extra"]
[Source "ChessBase"]
[SourceDate "2020.11.30"]
[SourceVersion "1"]
[SourceVersionDate "2020.11.30"]
[SourceQuality "1"]

1. Nf3 c5 2. c4 Nc6 3. g3 g6 4. Bg2 Bg7 5. 0-0 e6 6. e3 Nge7 7. d3 0-0 8. a3 d5 9. Nbd2 Rb8 10. Rb1 dxc4 11. dxc4 Qd3 12. Re1 e5 13. Nd4 Nxd4 14. Be4 Ne2+ 15. Qxe2 Qxe2 16. Rxe2 f5 17. Bg2 Be6 18. Re1 e4 19. f3 exf3 20. Bxf3 Nc6 21. b3 Rfd8 22. Nf1 Ne5 23. Be2 Bd7 24. b4 Ba4 25. bxc5 Bc2 26. Rb5 Bd3 27. Bxd3 Nf3+ 0-1

[Event "Venice Autumn op 26th"]
[Site "Venice"]
[Date "2019.11.02"]
[Round "3"]
[White "Bordignon, Angelo"]
[Black "Gallana, Marco"]
[Result "0-1"]
[WhiteElo "2000"]
[BlackElo "2196"]
[PlyCount "82"]
[EventDate "2019.11.01"]
[EventType "swiss"]
[EventRounds "5"]
[EventCountry "ITA"]
[SourceTitle "CBM 192 Extra"]
[Source "Chessbase"]
[SourceDate "2019.11.06"]
[SourceVersion "1"]
[SourceVersionDate "2019.11.06"]
[SourceQuality "1"]

1. d4 Nf6 2. c4 g6 3. Nc3 d5 4. cxd5 Nxd5 5. Bd2 Nb6 6. Bf4 Bg7 7. e3 0-0 8. Nf3 Be6 9. Be2 Nd5 10. Bg3 c5 11. 0-0 Nc6 12. Bb5 cxd4 13. exd4 Rc8 14. h3 Qb6 15. Bxc6 Rxc6 16. Na4 Qb5 17. Ne5 Rcc8 18. Nc5 Bf5 19. Qf3 Rfd8 20. Bh2 Bxe5 21. Bxe5 b6 22. g4 Bxg4 23. Qxg4 bxc5 24. dxc5 Qxc5 25. Bd4 Qc7 26. Rfe1 a6 27. Be5 Qc2 28. Qh4 Qf5 29. Rad1 Nf6 30. Qg3 Rxd1 31. Rxd1 Ne4 32. Qf4 Qxf4 33. Bxf4 Rc2 34. Be5 f6 35. Bd4 e5 36. Be3 Rxb2 37. Rd7 g5 38. f3 Ng3 39. Bc5 Rxa2 40. Ra7 Ne2+ 41. Kf1 Nf4 0-1

[Event "Chioggia op-A 14th"]
[Site "Chioggia"]
[Date "2019.10.04"]
[Round "1"]
[White "Loiacono, Leonardo"]
[Black "Bordignon, Angelo"]
[Result "1-0"]
[WhiteElo "2287"]
[BlackElo "1958"]
[PlyCount "61"]
[EventDate "2019.10.04"]
[EventType "swiss"]
[EventRounds "5"]
[EventCountry "ITA"]
[SourceTitle "EXT 2022"]
[Source "ChessBase"]
[SourceDate "2021.10.06"]
[SourceVersion "1"]
[SourceVersionDate "2021.10.06"]
[SourceQuality "1"]

1. d4 Nf6 2. c4 g6 3. Nc3 Bg7 4. e4 d6 5. Nf3 0-0 6. Be2 Nbd7 7. 0-0 e5 8. Re1 Re8 9. d5 a5 10. Qc2 Nh5 11. Bg5 Bf6 12. Be3 Be7 13. a3 Nf8 14. b4 Ng7 15. Nd2 f5 16. f3 f4 17. Bf2 h5 18. c5 Nh7 19. Nc4 axb4 20. axb4 Rxa1 21. Rxa1 Bd7 22. cxd6 Bxd6 23. Nxd6 cxd6 24. Nb5 Bxb5 25. Bxb5 Re7 26. Rc1 Ne8 27. Qc8 Qxc8 28. Rxc8 Kf7 29. Bb6 Kf8 30. Bd8 Rf7 31. Bh4 1-0

[Event "Treviso Lega Master op 2nd"]
[Site "Treviso"]
[Date "2018.03.04"]
[Round "5"]
[White "Vianello, Enrico"]
[Black "Bordignon, Angelo"]
[Result "0-1"]
[WhiteElo "2168"]
[BlackElo "1952"]
[PlyCount "104"]
[EventDate "2018.03.02"]
[EventType "swiss"]
[EventRounds "5"]
[EventCountry "ITA"]
[SourceTitle "EXT 2022"]
[Source "ChessBase"]
[SourceDate "2021.10.06"]
[SourceVersion "1"]
[SourceVersionDate "2021.10.06"]
[SourceQuality "1"]

1. Nf3 d6 2. d4 g6 3. e4 Bg7 4. Bd3 Nf6 5. 0-0 Nc6 6. Re1 e5 7. d5 Nb8 8. c4 a5 9. c5 0-0 10. Nc3 Ne8 11. cxd6 Nxd6 12. Be3 h6 13. Rc1 f5 14. Bc5 Nd7 15. Ba3 Rf7 16. Re2 f4 17. Rec2 g5 18. Nd2 Nf6 19. Nb5 Nfe8 20. Rc3 Nxb5 21. Bxb5 Bd7 22. Qe2 Rf6 23. Bxd7 Qxd7 24. d6 cxd6 25. Nc4 Ra6 26. b4 axb4 27. Bxb4 g4 28. Qd2 Rg6 29. Rd1 Kh7 30. Rd3 g3 31. hxg3 fxg3 32. Rxg3 Rxg3 33. fxg3 Qg4 34. Re1 Qxg3 35. Ne3 Qf4 36. Qc2 Rc6 37. Qd3 Qg3 38. Rf1 Nf6 39. Be1 Qg6 40. Nf5 Bf8 41. Bd2 Rc7 42. Bb4 Nh5 43. Bd2 Nf6 44. Bb4 Nh5 45. Bd2 Nf6 46. Rf3 d5 47. Rg3 Qh5 48. exd5 Qd1+ 49. Kh2 e4 50. Qd4 Qh5+ 51. Kg1 Bc5 52. Rg7+ Rxg7 0-1

[Event "Chioggia op-A 12th"]
[Site "Chioggia"]
[Date "2017.10.07"]
[Round "2"]
[White "Bratkovic, Sham"]
[Black "Bordignon, Angelo"]
[Result "1-0"]
[WhiteElo "2133"]
[BlackElo "1980"]
[PlyCount "63"]
[EventDate "2017.10.06"]
[EventType "swiss"]
[EventRounds "5"]
[EventCountry "ITA"]
[SourceTitle "EXT 2022"]
[Source "ChessBase"]
[SourceDate "2021.10.06"]
[SourceVersion "1"]
[SourceVersionDate "2021.10.06"]
[SourceQuality "1"]

1. e4 e6 2. d4 d5 3. Nd2 Nf6 4. e5 Nfd7 5. Bd3 c5 6. c3 Nc6 7. Ne2 cxd4 8. cxd4 f6 9. exf6 Nxf6 10. 0-0 Bd6 11. Nf3 Qc7 12. Bg5 0-0 13. Rc1 h6 14. Bd2 a6 15. Bc3 Ng4 16. Ng3 Qe7 17. Bb1 Bd7 18. Qd3 g5 19. Rce1 Bxg3 20. hxg3 Qg7 21. Qe2 b5 22. a3 Rab8 23. Nd2 e5 24. dxe5 d4 25. Bb4 Nxb4 26. axb4 Rbe8 27. Ba2+ Kh8 28. e6 h5 29. Nf3 Bc6 30. Ne5 d3 31. Nxd3 Nf6 32. e7 1-0